|
|
|
|
| LEADER |
00000nam0a2200000 4500 |
| 001 |
234508 |
| 005 |
20231101231328.0 |
| 010 |
|
|
|a 9785238021560
|
| 035 |
|
|
|a (RuTPU)RU\TPU\book\255632
|
| 035 |
|
|
|a RU\TPU\book\181445
|
| 090 |
|
|
|a 234508
|
| 100 |
|
|
|a 20091014d2013 m y0rusy50 ca
|
| 101 |
0 |
|
|a rus
|
| 102 |
|
|
|a RU
|
| 105 |
|
|
|a a j 001zy
|
| 200 |
1 |
|
|a Системный анализ в экономике
|e учебное пособие для вузов
|f И. Н. Дрогобыцкий
|
| 210 |
|
|
|a Москва
|c ЮНИТИ
|d 2013
|
| 215 |
|
|
|a 423 с.
|c ил.
|
| 320 |
|
|
|a Библиогр.: с. 415-417.
|
| 330 |
|
|
|a Этот учебник — одна из первых попыток адаптации и творческого развития известных положений теории систем и системного анализа применительно к предметной области экономики. В нем можно найти ответы на многие вопросы анализа, синтеза и реструктурирования экономических систем в целях обеспечения их эффективного функционирования и целенаправленного развития в текущий момент и обозримой перспективе. В учебнике рассматриваются моделирование систем, диагностирование системных проблем, выбор рациональных подходов к их решению, поиск приемлемого решения и обеспечение внедрения его в практику. Для студентов экономических специальностей. Может быть полезен топ-менеджерам и сотрудникам аналитических подразделений крупных компаний, а также руководителям организаций.
|
| 606 |
1 |
|
|a Системный анализ в экономике
|2 stltpush
|3 (RuTPU)RU\TPU\subj\69887
|9 84549
|
| 610 |
1 |
|
|a системность
|
| 610 |
1 |
|
|a теория систем
|
| 610 |
1 |
|
|a классификация
|
| 610 |
1 |
|
|a моделирование
|
| 610 |
1 |
|
|a статические модели
|
| 610 |
1 |
|
|a динамические модели
|
| 610 |
1 |
|
|a целеполагание
|
| 610 |
1 |
|
|a декомпозиция
|
| 610 |
1 |
|
|a агрегирование
|
| 610 |
1 |
|
|a неопределенность
|
| 610 |
1 |
|
|a групповой выбор
|
| 610 |
1 |
|
|a информационное моделирование
|
| 610 |
1 |
|
|a накопители
|
| 610 |
1 |
|
|a сложные системы
|
| 610 |
1 |
|
|a экономические системы
|
| 610 |
1 |
|
|a учебные пособия
|
| 686 |
|
|
|a Ув631.9я73
|v LBC/SL-A
|2 rubbk
|
| 700 |
|
1 |
|a Дрогобыцкий
|b И. Н.
|g Иван Николаевич
|
| 801 |
|
1 |
|a RU
|b 63413507
|c 20130326
|
| 801 |
|
2 |
|a RU
|b 63413507
|c 20230314
|g RCR
|
| 900 |
|
|
|a Системный анализ и принятие решений
|
| 900 |
|
|
|a Системный анализ экономической деятельности
|
| 942 |
|
|
|c BK
|
| 959 |
|
|
|a 35/20130213
|d 2
|e 500,00
|f ЧЗГЛ:1
|f АНЛ:1
|